000 00402nam a2200133 4500
999 _c3312
_d3312
008 200409b ||||| |||| 00| 0 eng d
082 0 0 _a621.406
_bD6211
100 _92629
_aDixon, S. L.
245 1 0 _aWorked examples in turbomachinery(fluid mechanics and thermodynamics) /
_cby S. L. Dixon
260 _aOxford
_bPergamon press
_c1979
300 _axii,103p.
650 0 _aThermodynamics
942 _2ddc
_cBK